Matemática 6º Educación Básica: guía didáctica para el profesor. Incluye texto para el estudiante
Gespeichert in:
| Hauptverfasser: | , |
|---|---|
| Format: | Buch |
| Sprache: | Spanisch |
| Veröffentlicht: |
Santiago
Santillana del Pacífico
2009
|
| Schlagworte: | |
| Tags: |
Tag hinzufügen
Keine Tags, Fügen Sie den ersten Tag hinzu!
|
MARC
| LEADER | 00000nam a2200000 a 4500 | ||
|---|---|---|---|
| 001 | UCG4591 | ||
| 003 | CL-VaPUC | ||
| 008 | 101111e20090000CL |||||||||||||||||spa|d | ||
| 020 | |a 9789561515161 | ||
| 082 | 0 | 4 | |a 372.7 |b SET |2 21 |
| 100 | 0 | |a Setz Mena, Javiera |e author |9 553975 | |
| 700 | |a Jiménez Martínez, Lorna |e author |9 593767 | ||
| 245 | 1 | 0 | |a Matemática 6º Educación Básica: guía didáctica para el profesor. Incluye texto para el estudiante |
| 300 | |a 254 p | ||
| 942 | |c BK | ||
| 945 | |d 20101111 00:00:00 |a mfarfan | ||
| 260 | |a Santiago |b Santillana del Pacífico |c 2009 | ||
| 650 | 0 | |a Matemáticas |x Enseñanza |9 875527 | |
| 650 | 0 | |a Educación básica |9 224933 | |
| 650 | 0 | |a Libros de texto |9 270019 | |
| 583 | |a last modification |c 20170816 12:42:36 |k Rodrigo Vera | ||
| 999 | |c 343283 |d 343281 | ||
| 952 | |0 0 |1 0 |4 0 |6 372_700000000000000_SET_2009 |7 0 |8 P |9 440493 |a BIBEDU |b BIBEDU |d 2019-11-22 |i 4733371 |o 372.7 SET 2009 |p 4733371 |r 2019-11-22 |w 2019-11-22 |y BK |k EBA | ||
| 952 | |0 0 |1 0 |4 0 |6 372_700000000000000_SET_2009 |7 0 |8 P |9 440494 |a BIBEDU |b BIBEDU |d 2019-11-22 |i 473338K |o 372.7 SET 2009 |p 473338K |r 2019-11-22 |w 2019-11-22 |y BK |k EBA | ||
| 952 | |0 0 |1 0 |4 0 |6 372_700000000000000_SET_2009 |7 0 |8 P |9 440495 |a BIBEDU |b BIBEDU |c BIBEDU_PB |d 2019-11-22 |i 4733398 |o 372.7 SET 2009 |p 4733398 |r 2024-01-25 |w 2019-11-22 |y BK |k EBA | ||